| Tag |
First Indicator |
Second Indicator |
Subfields |
| LEADER |
00000cam a2200000 a 4500 |
| 001 |
in00000025089 |
| 005 |
20151007055722.0 |
| 008 |
860321s1988 cou b 00110 eng |
| 010 |
|
|
|a 86007800
|
| 020 |
|
|
|a 0813372364 (pbk. : alk. paper) :
|c $27.00
|
| 035 |
|
|
|a (OCoLC)13394737
|
| 035 |
|
|
|9 AAB9065AM
|
| 040 |
|
|
|a DLC
|c DLC
|d TXA
|d UtOrBLW
|
| 043 |
|
|
|a ee-----
|
| 049 |
|
|
|a TXAM
|c [A11090471]
|
| 050 |
0 |
0 |
|a HG3881.5.I58
|b A76 1988
|
| 082 |
0 |
|
|a 332.1/52
|2 19
|
| 100 |
1 |
|
|a Assetto, Valerie J.
|
| 245 |
1 |
4 |
|a The Soviet bloc in the IMF and the IBRD /
|c Valerie J. Assetto.
|
| 264 |
|
1 |
|a Boulder :
|b Westview Press,
|c 1988.
|
| 300 |
|
|
|a xi, 208 pages ;
|c 23 cm.
|
| 336 |
|
|
|a text
|b txt
|2 rdacontent
|
| 337 |
|
|
|a unmediated
|b n
|2 rdamedia
|
| 338 |
|
|
|a volume
|b nc
|2 rdacarrier
|
| 490 |
1 |
|
|a Westview special studies in international economics
|
| 504 |
|
|
|a Bibliography: pages 195-202.
|
| 500 |
|
|
|a Includes index.
|
| 610 |
2 |
0 |
|a International Monetary Fund
|z Europe, Eastern.
|
| 610 |
2 |
0 |
|a World Bank
|z Europe, Eastern.
|
| 650 |
|
0 |
|a Loans, Foreign
|z Europe, Eastern.
|
| 740 |
0 |
|
|a Soviet bloc in the I.M.F. and the I.B.R.D.
|
| 830 |
|
0 |
|a Westview special studies in international economics and business.
|
| 999 |
|
|
|a MARS
|
| 999 |
f |
f |
|s cb6e445c-2169-331d-8f37-01c458d4fdab
|i bb9709d8-020c-3d18-9e48-a2f170928231
|t 0
|
| 952 |
f |
f |
|p ric
|a Texas A&M University
|b Rellis Campus
|c Joint Library Facility
|d Remote Storage
|t 0
|e HG3881.5.I58 A76 1988
|h Library of Congress classification
|i unmediated -- volume
|m A14811090471
|
| 998 |
f |
f |
|a HG3881.5.I58 A76 1988
|t 0
|l Remote Storage
|